000 00303nam a22001217a 4500
008 180118b xxu||||| |||| 00| 0 eng d
041 _aeng
080 _a330.101.541 FEI
100 _a52
101 _aMAK
245 _aIssues in contemporary macroeconomics& distribution
_cFeiwel,G.R
942 _2udc
_cBK
999 _c40477
_d40477